[Event "Calvia Amateur op 20th"]
[Site "Calvia"]
[Date "2023.10.08"]
[Round "2"]
[White "Vrchotka, Josef"]
[Black "Ulasevich, Sergei"]
[Result "0-1"]
[WhiteElo "1920"]
[BlackElo "2246"]
[PlyCount "47"]
[EventDate "2023.10.07"]
[EventType "swiss"]
[EventRounds "9"]
[EventCountry "ESP"]
[SourceTitle "Mega2024 Update 01"]
[Source "Chessbase"]
[SourceDate "2023.11.12"]
[SourceVersion "1"]
[SourceVersionDate "2023.11.12"]
[SourceQuality "1"]

1. e4 c5 2. c3 d5 3. exd5 Qxd5 4. Nf3 g6 5. d4 Bg7 6. dxc5 Qxc5 7. Be3 Qc7 8. Be2 Nf6 9. Na3 Nc6 10. Nb5 Qb8 11. 0-0 0-0 12. Qc1 Ng4 13. Bg5 a6 14. Nbd4 Bxd4 15. h3 Bxf2+ 16. Kh1 Ba7 17. hxg4 Bxg4 18. Bh6 Rd8 19. Ng5 Qg3 20. Bxg4 Qxg4 21. Rf3 Ne5 22. Rh3 Nd3 23. Qf1 Nf2+ 24. Kh2 0-1

[Event "Calvia Amateur op 19th"]
[Site "Calvia"]
[Date "2022.10.11"]
[Round "4"]
[White "Vrchotka, Josef"]
[Black "Tiktin, Amir"]
[Result "1-0"]
[WhiteElo "1966"]
[BlackElo "1699"]
[PlyCount "41"]
[EventDate "2022.10.08"]
[EventType "swiss"]
[EventRounds "9"]
[EventCountry "ESP"]
[SourceTitle "CBM 210 Extra"]
[Source "ChessBase"]
[SourceDate "2022.11.30"]
[SourceVersion "1"]
[SourceVersionDate "2022.11.30"]
[SourceQuality "1"]

1. e4 e5 2. Nc3 Nf6 3. Nf3 Nc6 4. d4 exd4 5. Nxd4 Bb4 6. Nxc6 bxc6 7. Bd3 d5 8. exd5 cxd5 9. 0-0 0-0 10. Bg5 c6 11. Qf3 Be7 12. h3 Rb8 13. b3 Nd7 14. Bxe7 Qxe7 15. Na4 Qd6 16. Rfe1 Ne5 17. Qg3 f6 18. Re2 Rd8 19. Rd1 c5 20. c4 d4 21. Nb2 1-0

[Event "Ceske Budejovice op-A"]
[Site "Ceske Budejovice"]
[Date "2022.07.07"]
[Round "7"]
[White "Vrchotka, Josef"]
[Black "Hiermann, Dietmar"]
[Result "0-1"]
[WhiteElo "1959"]
[BlackElo "2224"]
[PlyCount "52"]
[EventDate "2022.07.01"]
[EventType "swiss"]
[EventRounds "9"]
[EventCountry "CZE"]
[SourceTitle "CBM 209 Extra"]
[Source "ChessBase"]
[SourceDate "2022.09.30"]
[SourceVersion "1"]
[SourceVersionDate "2022.09.30"]
[SourceQuality "1"]

1. e4 e5 2. Nc3 Nf6 3. Nf3 Nc6 4. d4 exd4 5. Nxd4 Bb4 6. Nxc6 bxc6 7. Bd3 d5 8. exd5 cxd5 9. 0-0 0-0 10. h3 h6 11. Qf3 Rb8 12. Bf4 Bd6 13. b3 c6 14. Rad1 Rb4 15. Ne2 c5 16. Bc4 Bb7 17. Bxd6 Qxd6 18. c3 Rb6 19. Bd3 Re8 20. Qg3 Re5 21. Rfe1 Qe7 22. Kf1 Nh5 23. Qg4 Rg5 24. Qh4 Re5 25. f4 Qxh4 26. fxe5 Ng3+ 0-1

[Event "Ceske Budejovice op"]
[Site "Ceske Budejovice"]
[Date "2021.07.03"]
[Round "3"]
[White "Bachofner, Andreas"]
[Black "Vrchotka, Josef"]
[Result "1-0"]
[WhiteElo "2220"]
[BlackElo "1992"]
[PlyCount "61"]
[EventDate "2021.07.01"]
[EventType "swiss"]
[EventRounds "9"]
[EventCountry "CZE"]
[SourceTitle "CBM 203 Extra"]
[Source "ChessBase"]
[SourceDate "2021.09.30"]
[SourceVersion "1"]
[SourceVersionDate "2021.09.30"]
[SourceQuality "1"]

1. e4 c6 2. d4 d5 3. exd5 cxd5 4. Bd3 Nc6 5. c3 g6 6. Nf3 Nh6 7. 0-0 Bf5 8. Re1 Bxd3 9. Qxd3 Nf5 10. Bf4 Bg7 11. Nbd2 0-0 12. Nf1 e6 13. Ng3 Bh6 14. Bxh6 Nxh6 15. Qd2 Kg7 16. h4 Qf6 17. h5 Nf5 18. Qf4 Nce7 19. Nxf5+ Nxf5 20. g4 g5 21. Nxg5 Nh4 22. Qxf6+ Kxf6 23. Nxh7+ Ke7 24. Nxf8 Nf3+ 25. Kf1 Nxe1 26. Nxe6 Nf3 27. Kg2 Nd2 28. Nf4 Kd6 29. Re1 Rg8 30. f3 f5 31. Re6+ 1-0

[Event "Ceske Budejovice op"]
[Site "Ceske Budejovice"]
[Date "2021.07.02"]
[Round "2"]
[White "Vrchotka, Josef"]
[Black "Sobotka, Radim"]
[Result "1-0"]
[WhiteElo "1992"]
[BlackElo "1711"]
[PlyCount "77"]
[EventDate "2021.07.01"]
[EventType "swiss"]
[EventRounds "9"]
[EventCountry "CZE"]
[SourceTitle "CBM 203 Extra"]
[Source "ChessBase"]
[SourceDate "2021.09.30"]
[SourceVersion "1"]
[SourceVersionDate "2021.09.30"]
[SourceQuality "1"]

1. e4 c5 2. Nc3 g6 3. g3 Bg7 4. Bg2 Nc6 5. d3 d6 6. Nf3 Nf6 7. 0-0 0-0 8. h3 Bd7 9. Be3 Qc8 10. Kh2 a6 11. Qd2 Re8 12. Ng5 h6 13. Nf3 Kh7 14. Nh4 b5 15. f4 b4 16. Ne2 Rb8 17. Nf3 Ng8 18. Rab1 a5 19. g4 Be6 20. b3 a4 21. f5 axb3 22. fxe6 bxa2 23. exf7 axb1N 24. Rxb1 Rf8 25. fxg8Q+ Rxg8 26. Nf4 g5 27. Nh5 Bc3 28. Qc1 Ne5 29. Qd1 Ra8 30. d4 Nxf3+ 31. Bxf3 Ra2 32. e5 Rf8 33. Qd3+ Kh8 34. Qg6 Rxc2+ 35. Kh1 Rf7 36. Qxf7 Qg8 37. Qxg8+ Kxg8 38. exd6 exd6 39. dxc5 1-0

[Event "Calvia Amateur op 16th"]
[Site "Calvia"]
[Date "2019.10.13"]
[Round "9"]
[White "Vrchotka, Josef"]
[Black "Matas Artigues, Josep"]
[Result "1-0"]
[WhiteElo "1991"]
[BlackElo "1533"]
[PlyCount "35"]
[EventDate "2019.10.05"]
[EventType "swiss"]
[EventRounds "9"]
[EventCountry "ESP"]
[SourceTitle "CBM 192 Extra"]
[Source "Chessbase"]
[SourceDate "2019.11.06"]
[SourceVersion "1"]
[SourceVersionDate "2019.11.06"]
[SourceQuality "1"]

1. e4 c5 2. f4 d5 3. exd5 Nf6 4. Bb5+ Bd7 5. Bxd7+ Qxd7 6. c4 e6 7. Qe2 Bd6 8. dxe6 fxe6 9. d3 0-0 10. Nf3 Nc6 11. 0-0 e5 12. fxe5 Bxe5 13. Be3 Rae8 14. Nxe5 Rxe5 15. Qd2 Rfe8 16. Bf2 Re2 17. Qc1 Nd8 18. Nc3 1-0

[Event "Prague op"]
[Site "Prague"]
[Date "2019.03.14"]
[Round "7"]
[White "Lacrosse, Marc"]
[Black "Vrchotka, Josef"]
[Result "1-0"]
[WhiteElo "2182"]
[BlackElo "1993"]
[PlyCount "33"]
[EventDate "2019.03.09"]
[EventType "swiss"]
[EventRounds "9"]
[EventCountry "CZE"]
[SourceTitle "CBM 189 Extra"]
[Source "ChessBase"]
[SourceDate "2019.06.03"]
[SourceVersion "1"]
[SourceVersionDate "2019.06.03"]
[SourceQuality "1"]

1. d4 Nf6 2. c4 g6 3. Nc3 d5 4. cxd5 Nxd5 5. e4 Nxc3 6. bxc3 Bg7 7. Be3 0-0 8. Qd2 c5 9. Rc1 b6 10. Nf3 Nc6 11. d5 Ne5 12. Nxe5 Bxe5 13. Be2 Bd6 14. f4 f6 15. 0-0 Qc7 16. Bc4 Kh8 17. e5 1-0

[Event "Wch Seniors 65 26th"]
[Site "Marianske Lazne"]
[Date "2016.11.28"]
[Round "9"]
[White "Vrchotka, Josef"]
[Black "Beltz, Robert"]
[Result "0-1"]
[WhiteElo "1994"]
[BlackElo "2135"]
[PlyCount "89"]
[EventDate "2016.11.19"]
[EventType "swiss"]
[EventRounds "11"]
[EventCountry "CZE"]
[SourceTitle "CBM 175 Extra"]
[Source "ChessBase"]
[SourceDate "2016.12.12"]
[SourceVersion "1"]
[SourceVersionDate "2016.12.12"]
[SourceQuality "1"]

1. e4 c5 2. f4 Nc6 3. Nf3 g6 4. c4 d6 5. Nc3 Bg7 6. Be2 e6 7. 0-0 Nge7 8. d3 Nd4 9. Be3 Nec6 10. Bf2 Rb8 11. Qd2 Qa5 12. Rfd1 0-0 13. Rab1 a6 14. Nxd4 cxd4 15. Rbc1 dxc3 16. bxc3 Qc7 17. g4 f5 18. h3 b6 19. Rb1 e5 20. exf5 exf4 21. fxg6 hxg6 22. d4 Na5 23. Qd3 Qf7 24. d5 f3 25. Bf1 Qf4 26. Qxg6 Rf6 27. Qc2 Rh6 28. Qc1 Qf8 29. Qd2 Rb7 30. Re1 b5 31. cxb5 axb5 32. Re4 Nc4 33. Qg5 Ne5 34. Rxb5 Rxb5 35. Bxb5 Rxh3 36. Rf4 Nf7 37. Qg6 Rh6 38. Qe4 Qd8 39. Bf1 Be5 40. Bg3 Ng5 41. Qd3 Bxf4 42. Bxf4 Bxg4 43. Qe3 Rg6 44. Bd3 Nh3+ 45. Kf1 0-1

[Event "CZE-chT2B 1516"]
[Site "Czech Republic"]
[Date "2016.02.07"]
[Round "7.7"]
[White "Zakoucka, Adela"]
[Black "Vrchotka, Josef"]
[Result "1-0"]
[WhiteElo "1949"]
[BlackElo "2022"]
[PlyCount "77"]
[EventDate "2015.10.18"]
[EventType "team-tourn"]
[EventRounds "11"]
[EventCountry "CZE"]
[SourceTitle "EXT 2022"]
[Source "ChessBase"]
[SourceDate "2021.10.06"]
[SourceVersion "1"]
[SourceVersionDate "2021.10.06"]
[SourceQuality "1"]
[WhiteTeam "Jicin III"]
[BlackTeam "Teplice"]
[WhiteTeamCountry "CZE"]
[BlackTeamCountry "CZE"]

1. e4 c6 2. d4 d5 3. exd5 cxd5 4. c4 Nf6 5. Nc3 e6 6. c5 b6 7. b4 a5 8. Qa4+ Bd7 9. Bb5 Qc8 10. a3 Be7 11. Rb1 0-0 12. Nf3 Qb7 13. Qc2 Bxb5 14. Nxb5 Ne4 15. 0-0 axb4 16. axb4 Rc8 17. Bf4 Qc6 18. Qd3 Nd7 19. Ra1 Qb7 20. Ne5 bxc5 21. bxc5 Nxe5 22. Bxe5 f6 23. Bf4 e5 24. c6 Qxc6 25. Na7 Qc3 26. Qxc3 Rxc3 27. dxe5 Bc5 28. Nb5 Bxf2+ 29. Kh1 Rxa1 30. Rxa1 Rc5 31. Nd6 g5 32. exf6 Nxf6 33. Bxg5 Bd4 34. Ra8+ Kg7 35. Nf5+ Kg6 36. Nxd4 Rc4 37. Be3 Ng4 38. Rg8+ Kf6 39. Rxg4 1-0

[Event "CZE-chT2B 1516"]
[Site "Czech Republic"]
[Date "2015.11.22"]
[Round "3.8"]
[White "Hacha, Ales"]
[Black "Vrchotka, Josef"]
[Result "1-0"]
[WhiteElo "2048"]
[BlackElo "2022"]
[PlyCount "53"]
[EventDate "2015.10.18"]
[EventType "team-tourn"]
[EventRounds "11"]
[EventCountry "CZE"]
[SourceTitle "EXT 2022"]
[Source "ChessBase"]
[SourceDate "2021.10.06"]
[SourceVersion "1"]
[SourceVersionDate "2021.10.06"]
[SourceQuality "1"]
[WhiteTeam "Turnov Zikuda II"]
[BlackTeam "Teplice"]
[WhiteTeamCountry "CZE"]
[BlackTeamCountry "CZE"]

1. Nf3 d5 2. g3 g6 3. Bg2 Bg7 4. c4 c6 5. cxd5 cxd5 6. d4 Nc6 7. Nc3 Nf6 8. Ne5 0-0 9. 0-0 e6 10. f4 Nd7 11. Kh1 Qb6 12. e3 f5 13. g4 Qd8 14. b3 Ndxe5 15. dxe5 b6 16. gxf5 Ba6 17. Rg1 gxf5 18. Nxd5 Qc8 19. Nf6+ Bxf6 20. exf6 Kh8 21. Bb2 Rf7 22. Rc1 Bb7 23. Qd6 Qe8 24. Bxc6 Rd8 25. Qc7 e5 26. Qxb7 Rxb7 27. Bxe8 1-0

[Event "Tatry op"]
[Site "Tatranske Zruby"]
[Date "2015.09.26"]
[Round "1"]
[White "Vrchotka, Josef"]
[Black "Jozefek, Michal"]
[Result "1/2-1/2"]
[WhiteElo "2076"]
[BlackElo "2220"]
[PlyCount "71"]
[EventDate "2015.09.26"]
[EventType "swiss"]
[EventRounds "9"]
[EventCountry "SVK"]
[SourceTitle "CBM 168 Extra"]
[Source "ChessBase"]
[SourceDate "2015.10.29"]
[SourceVersion "1"]
[SourceVersionDate "2015.10.29"]
[SourceQuality "1"]

1. e4 c5 2. Nc3 Nc6 3. g3 g6 4. Bg2 Bg7 5. d3 d6 6. f4 e6 7. Nf3 Nge7 8. 0-0 0-0 9. Ne2 Rb8 10. g4 f5 11. h3 b5 12. c3 a5 13. Ng3 Qb6 14. Qe2 Bd7 15. Be3 a4 16. a3 Qa6 17. d4 cxd4 18. cxd4 fxe4 19. Nxe4 Na5 20. Nc3 Nc4 21. Rad1 Bh6 22. Ng5 d5 23. Bc1 Bg7 24. Rfe1 Rb6 25. Na2 Qc8 26. Nb4 Kh8 27. Nf3 Nc6 28. Nxc6 Rxc6 29. Be3 Qb8 30. Ne5 Bxe5 31. fxe5 Nxe3 32. Qxe3 Rc2 33. Rd2 Qc7 34. Rxc2 Qxc2 35. Re2 Qd1+ 36. Kh2 1/2-1/2

[Event "Teplice op 10th"]
[Site "Teplice"]
[Date "2015.06.18"]
[Round "6"]
[White "Vrchotka, Josef"]
[Black "Kaluzny, Jiri"]
[Result "1-0"]
[WhiteElo "2074"]
[BlackElo "1873"]
[PlyCount "67"]
[EventDate "2015.06.13"]
[EventType "swiss"]
[EventRounds "9"]
[EventCountry "CZE"]
[SourceTitle "EXT 2017"]
[Source "ChessBase"]
[SourceDate "2016.10.25"]
[SourceVersion "1"]
[SourceVersionDate "2016.10.25"]
[SourceQuality "1"]

1. e4 Nf6 2. e5 Nd5 3. d4 d6 4. Bc4 Nb6 5. Bb3 dxe5 6. Qh5 e6 7. dxe5 a5 8. a3 Na6 9. Nf3 Be7 10. 0-0 Nc5 11. Ba2 0-0 12. Nc3 Bd7 13. Rd1 Qe8 14. Ng5 h6 15. Nf3 f5 16. Qh3 Qg6 17. Nd4 c6 18. f4 Nd5 19. Nxd5 cxd5 20. c4 Bc6 21. b4 axb4 22. axb4 Ba4 23. Rf1 Ne4 24. cxd5 Bxb4 25. Bb2 Bc5 26. d6 Bb5 27. Rfc1 Ra4 28. Qe3 Bc6 29. Rxc5 Nxc5 30. Nxc6 bxc6 31. Qxc5 Rfa8 32. d7 Rxa2 33. Rxa2 Rb8 34. Qd6 1-0

[Event "Teplice op 10th"]
[Site "Teplice"]
[Date "2015.06.17"]
[Round "5"]
[White "Haub, Thorsten Michael"]
[Black "Vrchotka, Josef"]
[Result "1-0"]
[WhiteElo "2407"]
[BlackElo "2074"]
[PlyCount "61"]
[EventDate "2015.06.13"]
[EventType "swiss"]
[EventRounds "9"]
[EventCountry "CZE"]
[SourceTitle "EXT 2017"]
[Source "ChessBase"]
[SourceDate "2016.10.25"]
[SourceVersion "1"]
[SourceVersionDate "2016.10.25"]
[SourceQuality "1"]

1. g3 d5 2. Bg2 c6 3. d3 Bg4 4. h3 Bh5 5. Nf3 Nd7 6. 0-0 e6 7. Qe1 Bd6 8. Nbd2 Qb6 9. Kh1 Ne7 10. e4 Qc7 11. a3 0-0 12. b3 Bxf3 13. Nxf3 dxe4 14. dxe4 Rad8 15. Qe2 Ng6 16. Nd2 e5 17. Nc4 Be7 18. h4 Rfe8 19. b4 b5 20. Na5 a6 21. c4 c5 22. cxb5 cxb4 23. Nc6 axb5 24. Nxd8 Qxd8 25. Qxb5 Bxh4 26. Rd1 Ngf8 27. gxh4 Qxh4+ 28. Kg1 Nf6 29. Qd3 Qg4 30. Qf3 Qg6 31. Qf5 1-0

[Event "Teplice op 10th"]
[Site "Teplice"]
[Date "2015.06.16"]
[Round "4"]
[White "Vrchotka, Josef"]
[Black "Kindl, Frantisek"]
[Result "1-0"]
[WhiteElo "2074"]
[BlackElo "1833"]
[PlyCount "139"]
[EventDate "2015.06.13"]
[EventType "swiss"]
[EventRounds "9"]
[EventCountry "CZE"]
[SourceTitle "EXT 2017"]
[Source "ChessBase"]
[SourceDate "2016.10.25"]
[SourceVersion "1"]
[SourceVersionDate "2016.10.25"]
[SourceQuality "1"]

1. e4 c5 2. Nc3 Nc6 3. g3 g6 4. Bg2 Bg7 5. d3 e6 6. f4 d6 7. Nf3 Nge7 8. 0-0 0-0 9. Ne2 Rb8 10. g4 f5 11. gxf5 exf5 12. c3 Qe8 13. Be3 h6 14. Bf2 Kh7 15. e5 dxe5 16. Bxc5 b6 17. Bd6 Rb7 18. Nxe5 Rf6 19. Ba3 Rc7 20. Re1 Bb7 21. d4 Qd8 22. d5 Nxe5 23. fxe5 Rf7 24. d6 Bxg2 25. dxc7 Qxc7 26. Qd6 Qb7 27. e6 Bh1 28. Qg3 f4 29. Qf2 Rf5 30. h4 Bf6 31. Bxe7 Bxe7 32. Rad1 Bxh4 33. Rd7+ Qxd7 34. exd7 Bxf2+ 35. Kxf2 Rd5 36. Nxf4 Rxd7 37. Rxh1 Rd2+ 38. Ne2 Rxb2 39. a4 g5 40. Ke3 Ra2 41. Nd4 Rxa4 42. Nf5 h5 43. Ng3 h4 44. Ne4 Kh6 45. Rg1 Ra5 46. Rd1 g4 47. Kf4 g3 48. Rh1 Rh5 49. Kf3 Kg6 50. Kg2 Rh7 51. Kf3 Kf5 52. Nxg3+ Ke5 53. Ke3 Kd5 54. Kd3 Rf7 55. Nf1 Kc5 56. Nd2 Rh7 57. Rh3 b5 58. Nb3+ Kb6 59. Nd4 a5 60. Nf5 a4 61. Rxh4 Rxh4 62. Nxh4 Kc5 63. Nf5 b4 64. c4 a3 65. Nd4 a2 66. Nb3+ Kc6 67. Kc2 Kd6 68. Kb2 Ke5 69. Kxa2 Ke4 70. Kb2 1-0

[Event "CZE-chT2B 1415"]
[Site "Czech Republic"]
[Date "2014.11.30"]
[Round "3.7"]
[White "Pochinkov, Andrey"]
[Black "Vrchotka, Josef"]
[Result "1-0"]
[WhiteElo "2108"]
[BlackElo "2017"]
[PlyCount "49"]
[EventDate "2014.11.02"]
[EventType "team-tourn"]
[EventRounds "11"]
[EventCountry "CZE"]
[SourceTitle "EXT 2022"]
[Source "ChessBase"]
[SourceDate "2021.10.06"]
[SourceVersion "1"]
[SourceVersionDate "2021.10.06"]
[SourceQuality "1"]
[WhiteTeam "Jicin III"]
[BlackTeam "Teplice"]
[WhiteTeamCountry "CZE"]
[BlackTeamCountry "CZE"]

1. Nf3 d5 2. b3 Nf6 3. Bb2 e6 4. d4 Bd6 5. Nbd2 0-0 6. e3 Nbd7 7. Bd3 c6 8. Ne5 Re8 9. g4 Nf8 10. g5 N6d7 11. h4 Bxe5 12. dxe5 Qc7 13. f4 Nc5 14. Ba3 Nfd7 15. h5 b5 16. g6 Nxd3+ 17. cxd3 fxg6 18. hxg6 h6 19. Bd6 Qa5 20. Qc2 c5 21. b4 cxb4 22. Qc6 Qb6 23. Qxa8 Nxe5 24. Bxe5 Bd7 25. Bd4 1-0

[Event "Prague op-A 13th"]
[Site "Prague"]
[Date "2014.01.10"]
[Round "1"]
[White "Vrchotka, Josef"]
[Black "Schmidt Schaeffer, Sebastian"]
[Result "1/2-1/2"]
[WhiteElo "2001"]
[BlackElo "2388"]
[PlyCount "111"]
[EventDate "2014.01.10"]
[EventType "swiss"]
[EventRounds "9"]
[EventCountry "CZE"]
[SourceTitle "CBM 158 Extra"]
[Source "ChessBase"]
[SourceDate "2014.02.28"]
[SourceVersion "1"]
[SourceVersionDate "2014.02.28"]
[SourceQuality "1"]

1. e4 g6 2. d4 Bg7 3. Nc3 c6 4. f4 d5 5. e5 Nh6 6. Nf3 Bg4 7. h3 Bxf3 8. Qxf3 0-0 9. Be3 f6 10. exf6 exf6 11. g4 f5 12. 0-0-0 Nd7 13. Bd3 Nb6 14. Rhe1 Qd7 15. Rg1 Rae8 16. Bf2 Re7 17. Ne2 Rfe8 18. gxf5 Nxf5 19. h4 Nc4 20. h5 Qd6 21. c3 Qf6 22. hxg6 hxg6 23. Rg5 Bh6 24. Rxg6+ Qxg6 25. Rg1 Qxg1+ 26. Bxg1 Ng7 27. b3 Nd6 28. Bf2 Rf7 29. Bg6 Rfe7 30. Bxe8 Rxe8 31. Kc2 Ngf5 32. Ng3 Nxg3 33. Bxg3 Rf8 34. Qg4+ Kh8 35. Qg6 Nf5 36. Bh4 Bg7 37. Bg5 Kg8 38. Qe6+ Rf7 39. Bd8 a6 40. Bc7 Bxd4 41. Qg6+ Bg7 42. Be5 Kf8 43. Qe6 Bxe5 44. Qxe5 Kg8 45. Kd3 Kf8 46. a4 Kg8 47. b4 Kh7 48. b5 axb5 49. axb5 Ne7 50. Qc7 cxb5 51. Qxb7 Kg7 52. Qb8 Ng6 53. Qxb5 Nxf4+ 54. Kc2 Kg6 55. c4 dxc4 56. Qxc4 1/2-1/2

[Event "Teplice op 8th"]
[Site "Teplice"]
[Date "2013.06.24"]
[Round "9"]
[White "Jacobsen, Bo"]
[Black "Vrchotka, Josef"]
[Result "1-0"]
[WhiteElo "2312"]
[BlackElo "2001"]
[PlyCount "39"]
[EventDate "2013.06.15"]
[EventType "swiss"]
[EventRounds "9"]
[EventCountry "CZE"]
[SourceTitle "CBM 155 Extra"]
[Source "ChessBase"]
[SourceDate "2013.08.26"]
[SourceVersion "1"]
[SourceVersionDate "2013.08.26"]
[SourceQuality "1"]

1. c4 e6 2. g3 d5 3. Bg2 Nf6 4. Nf3 Be7 5. d4 c6 6. 0-0 0-0 7. Qc2 Nbd7 8. Nbd2 Re8 9. Rd1 Bd6 10. e4 dxe4 11. Nxe4 Nxe4 12. Qxe4 Nf6 13. Qc2 Qc7 14. Bg5 Bd7 15. Ne5 Rad8 16. Bxf6 gxf6 17. Nxf7 Kxf7 18. Qxh7+ Kf8 19. Bf3 Rb8 20. Bh5 1-0

[Event "Zalakaros op 32nd"]
[Site "Zalakaros"]
[Date "2013.05.26"]
[Round "5"]
[White "Vrchotka, Josef"]
[Black "Kende, Gyorgy"]
[Result "0-1"]
[WhiteElo "2001"]
[BlackElo "2171"]
[PlyCount "76"]
[EventDate "2013.05.22"]
[EventType "swiss"]
[EventRounds "9"]
[EventCountry "HUN"]
[SourceTitle "CBM 154 Extra"]
[Source "ChessBase"]
[SourceDate "2013.06.25"]
[SourceVersion "2"]
[SourceVersionDate "2013.06.25"]
[SourceQuality "1"]

1. e4 c6 2. d4 d5 3. exd5 cxd5 4. c3 Nf6 5. Bd3 Nc6 6. Bf4 g6 7. Nf3 Bg7 8. 0-0 0-0 9. Nbd2 Bf5 10. Bxf5 gxf5 11. Ne5 e6 12. Nxc6 bxc6 13. Bg5 Qc7 14. Bxf6 Bxf6 15. f4 Kh8 16. b4 Rg8 17. Kh1 Rg4 18. Qf3 Rag8 19. Rf2 Bh4 20. g3 Be7 21. Qe2 Bd6 22. Nf3 R4g7 23. Rg1 Ra8 24. Rfg2 a5 25. a3 axb4 26. axb4 Ra3 27. Qb2 Qa7 28. Rb1 Rg8 29. Rc2 Ra8 30. Nd2 Qa4 31. Nb3 Bc7 32. Kg2 Qb5 33. Qc1 Bd6 34. Ra1 Rxa1 35. Nxa1 Qd3 36. Nb3 Qe4+ 37. Kf2 Bxf4 38. gxf4 Rg8 0-1